Höchste Erhebungen in Schleswig-Holsteiner Landkreisen - Statistiken

Allgemein
  • Dieses Quiz wurde 8 mal gespielt
  • Das Durchschnittsergebnis liegt bei 2 aus 11
Antwortstatistiken
Kreis/Stadt Name der Erhebung Höhe ü. NHN % Korrekt
Ostholstein Bungsberg 167
100%
Herzogtum Lauenburg Haferberg 94
13%
Steinburg „Itzespitze“ 83
13%
Pinneberg Pinneberg 61
13%
Rendsburg-Eckernförde Scheelsberg 106
13%
Plön Strezerberg 130
13%
Schleswig-Flensburg Höckeberg 82
0%
Dithmarschen Karghöde 79
0%
Stormarn Kleiner Hahnheider Berg 100
0%
Nordfriesland Sandesberg 54
0%
Segeberg Schweinhagen 92
0%
Keine übereinstimmenden Quizze gefunden
Verteilung der Resultate
Anzahl Personen mit jedem Resultat
Perzentil nach korrekt beantworteten Fragen
Ihre Resultats-Entwicklung
Sie haben dieses Quiz noch nicht gespielt